| 000 | 00891nam a22002057a 4500 | ||
|---|---|---|---|
| 003 | BD-ChCU | ||
| 005 | 20250129094942.0 | ||
| 008 | 250129b bg ||||| |||| 00| 0 ben d | ||
| 020 | _a9789849346661 | ||
| 040 | _cBD-ChCU | ||
| 082 |
_222 _a৩৭০.১৫ হক ১১ শি _b22 |
||
| 100 |
_91401 _aহক,মুহাম্মদ নাজমুল |
||
| 245 |
_aশিক্ষায় মনোবিজ্ঞান / _cমুহাম্মদ নজমল হক , সায়রা হোসেন ও মো: আহসান হাবীব |
||
| 250 | _a২সং | ||
| 260 |
_aঢাকা : _bবিশ্বসাহিত্য , _cc ২০২৩ |
||
| 300 |
_a৩২৪ পৃ. _c23 |
||
| 650 | 0 |
_91402 _aশিক্ষা-মনোবিজ্ঞান মনোবিজ্ঞান |
|
| 700 |
_aহোসেন,সায়রা _98209 |
||
| 942 |
_2ddc _cBK _n0 |
||
| 999 |
_c105658 _d105658 |
||